Catálogo

EL TEMOR Y LA IMPACIENCIA : (Registro nro. 57957)

Detalles MARC
000 -LEADER
fixed length control field 00891nam a2200205 a 4500
001 - CONTROL NUMBER
control field 57957
005 - DATE AND TIME OF LATEST TRANSACTION
control field 20180714054354.0
008 - FIXED-LENGTH DATA ELEMENTS--GENERAL INFORMATION
fixed length control field 140415s1991 ag 000 0 spa d
020 ## - INTERNATIONAL STANDARD BOOK NUMBER
International Standard Book Number 9505571224
041 ## - LANGUAGE CODE
Language code of text/sound track or separate title spa
082 ## - DEWEY DECIMAL CLASSIFICATION NUMBER
Classification number 320.98
Item number SAN
100 1# - MAIN ENTRY--PERSONAL NAME
Personal name SANGUINETTI, JULIO MARIA
245 13 - TITLE STATEMENT
Title EL TEMOR Y LA IMPACIENCIA :
Remainder of title ENSAYO SOBRE LA TRANSICION DEMOCRATICA EN AMERICA LATINA
250 ## - EDITION STATEMENT
Edition statement 1a ed.
260 ## - PUBLICATION, DISTRIBUTION, ETC.
Place of publication, distribution, etc. ARGENTINA :
Name of publisher, distributor, etc. FONDO DE CULTURA ECONOMICA,
Date of publication, distribution, etc. 1991
300 ## - PHYSICAL DESCRIPTION
Extent 164
Dimensions 15.5 x 0.7 x 23
490 ## - SERIES STATEMENT
Series statement ENSAYO
520 ## - SUMMARY, ETC.
Summary, etc. LAS CIRCUNSTANCIAS POLITICAS LLEVARON A JULIO MARIA SANGUINETTI A SER PROTAGONISTA DE LARGO PROCESO DE TRANSICION DEMOCRATICA EN EL URUGUAY LUEGO DE LA DICTADURA QUE, EN 1973, QUEBRO LA TRADICION INSTITUCIONAL DE ESE PAIS.
650 14 - SUBJECT ADDED ENTRY--TOPICAL TERM
Topical term or geographic name entry element POLITICA
General subdivision DEMOCRACIA
-- URUGUAY
-- TRANSICION POLITICA
-- URUGUAY
-- TRANSACION POLITICA
-- LATINOAMERICA
Existencias
Withdrawn status Lost status Source of classification or shelving scheme Damaged status Not for loan Collection code Home library Current library Shelving location Date acquired Source of acquisition Inventory number Total Checkouts Full call number Barcode Date last seen Price effective from Koha item type
    Dewey Decimal Classification     General Biblioteca Karol Wojtyla Biblioteca Karol Wojtyla Sala general 03/12/2013 Compra 151000000000000000055593   320.98 SAN 87451 05/01/2026 03/12/2013 Libro